| 000 | 00441 a2200169 4500 | ||
|---|---|---|---|
| 001 | 69799 | ||
| 020 | _a8510033951 | ||
| 040 | _cAnchieta - Itaigara | ||
| 100 | _aJannone, Leila Rentroia | ||
| 240 | 1 | 0 |
_aCom a ponta dos dedos e os olhos do coração _lpor |
| 245 | 1 | 0 | _aCom a ponta dos dedos e os olhos do coração |
| 300 | _a39 | ||
| 362 | 0 | _a2005 | |
| 440 | 1 | _aEditora do Brasil | |
| 650 | 4 | _aLiteratura infanto-juvenil | |
| 942 | _cBK | ||
| 999 |
_c69799 _d69799 |
||